000
00180nam a2200085Ia 4500
008
180219s9999 xx 000 0 und d
100
_a
Singh R P
245
0
_a
Saririk Shikasa
260
_a
R Lal
260
_c
2013
999
_c
42487
_d
42487